000 00321nam a2200109Ia 4500
008 200302s9999 xx 000 0 und d
100 _aIona and Robert opie & Other
245 _aThe Treasures of Child Hood Books, Toys, & Games from the Opie Collection
260 _bArcade Publishing
260 _c1989
300 _a190 P.,
999 _c1336
_d1336